| 000 | 01470nam a2200217Ia 4500 | ||
|---|---|---|---|
| 003 | Ost | ||
| 005 | 20260416102357.0 | ||
| 008 | 260416s9999||||xx |||||||||||||| ||und|| | ||
| 040 | _cfsecg | ||
| 041 | _aara | ||
| 082 | _a338.5 | ||
| 100 |
_aخشني، سهام _eمؤلف |
||
| 245 | 0 |
_aمحاضرات في الإقتصاد الجزئي 2 : _bدروس و أمثلة محلولة / _c سهام خشني |
|
| 260 |
_aالجزائر _bجامعة الجزائر3: كلية العلوم الإقتصادية، العلوم التجارية وعلوم التسيير _c2021 |
||
| 300 |
_a131 ورقة _bايضاحات _c30 سم |
||
| 504 | _aمراجع ص.126 | ||
| 520 | _aنظرية سلوك المستهلك : نظرية المنفعة الكلاسيكية و النظرية الحديثة للمنفعة ، تحليل سلوك المنتج بالتطرق الى تعريف الانتاج و عناصره و دالته في الفترة القصيرة و الطويلة و كذا توازن المنتج و مسار توسع الانتاج و مرونته ، التكاليف و الايرادات ، نظرية السوق و توازن المنتج .مع وجود أسئلة و تمارين محلولة في نهاية كل محاضرة. | ||
| 653 | _aالاقتصاد الجزئي | ||
| 710 |
_aجامعة الجزائر3: كلية العلوم الإقتصادية، العلوم التجارية وعلوم التسيير _eناشر علمي |
||
| 942 | _cHANDOUT | ||
| 999 |
_c41241 _d41241 |
||